000 00519nam a22001932 4500
001 0000003318
005 20170406114926.0
008 140609s xx 000 0 eng d
020 _c$
040 _aYour Holding Symbol
_cYour Holding Symbol
100 1 _aWallace,Robert.
245 1 4 _aThe world of leonardo 1452-1519.
250 _a ed.
260 _aNew york :
_bTime incoporated,
_c1966.
300 _a192 p. :
_bill ;
_c cm.
504 _aindex.
650 0 _apaintings.
908 _a140609
999 _c3196
_d3196